|
|
|
|
| LEADER |
00000nab a2200000 a 4500 |
| 001 |
vtls000569164 |
| 003 |
SK-MaSNL |
| 005 |
20260305014815.0 |
| 008 |
120929c xo 0 slo |
| 015 |
|
|
|a SNBRB19rr/mm-uuuuu
|
| 035 |
|
|
|a CL0569302
|
| 040 |
|
|
|a SNKBUCL
|b slo
|c SNKBUCL
|e AACR2
|
| 041 |
0 |
|
|a slo
|
| 044 |
|
|
|a xo
|c SK
|
| 080 |
|
|
|a 061.25(437.647)
|2 1981
|
| 100 |
1 |
|
|a Sólus, Peter V.
|4 aut
|9 1593248
|
| 245 |
1 |
0 |
|a Na Liptove nové odbory
|c Peter V. Sólus
|
| 610 |
2 |
7 |
|a Matica slovenská.
|b Miestny odbor Liptovský Trnovec
|2 snkbucl
|9 225848
|
| 610 |
2 |
7 |
|a Matica slovenská.
|b Miestny odbor Ľubela
|2 snkbucl
|9 225844
|
| 651 |
|
7 |
|a 5304
|2 snkbucl
|9 277630
|
| 655 |
|
7 |
|a články z novín a časopisov
|2 snkbucl
|9 267496
|
| 773 |
0 |
|
|t Slovenské národné noviny
|g Roč. 6 (10), č. 51 (1995), s. 11
|x 0862-8823
|
| 850 |
|
|
|a Slovenská národná knižnica v Martine
|a MTA001
|
| 852 |
|
|
|a SNK
|b KIS3GCP
|
| 958 |
|
|
|a RK
|
| 992 |
|
|
|a RBX
|
| 999 |
|
|
|c 3271487
|d 3273417
|